00634nam a2200205 a 4500008004100000020003000041040001600071100002000087245007400107260003500181300001900216300004600235336002800281337003000309338002900339500002000368650002200388003000100410005001700411  a9781506390789 (paperback) aNUST cNUST1 aCroteau, David.10aMedia Society: bindustries, images, and audiences /cCroteau, David. aUnited Kingdom :bSAGE, c2019 aSixth Edition. axxii, 465 pages :billustrations ;c25 cm atextbtxt2rdacarrier  aunmediatedbn2rdamedia  avolumebnc2rdacarrier  aIncludes index. 1aMedia Technology.20230120144503.0